[Event "XXX Festival A"]
[Site "Arco ITA"]
[Date "2008.10.22"]
[Round "5"]
[White "Del Nevo, Claudio"]
[Black "Karl, Hans"]
[Result "0-1"]
[WhiteElo "1898"]
[BlackElo "2240"]
[PlyCount "65"]
[EventDate "2008.10.18"]

1. d4 d5 2. Nf3 c6 3. c3 Bf5 4. Bf4 e6 5. Bxb8 Rxb8 6. e3 Bd6 7. Bd3 Nf6 8. Qc2
Bxd3 9. Qxd3 Ne4 10. O-O O-O 11. c4 f5 12. c5 Bc7 13. b4 Qf6 14. Nc3 g5 15. Nd2
Qh6 16. g3 Qh3 17. Ncxe4 fxe4 18. Qe2 g4 19. Rfc1 Rf6 20. Qf1 Qh5 21. Qg2 Rbf8
22. Rf1 Qf7 23. h3 gxh3 24. Qh2 Qh5 25. Rae1 Qg4 26. f4 exf3 27. Kf2 Rg6 28.
Rg1 h5 29. a4 h4 30. Nf1 e5 31. gxh4 Qxg1+ 32. Qxg1 Rxg1 33. Kxg1 0-1

[Event "XXX Festival A"]
[Site "Arco ITA"]
[Date "2008.10.22"]
[Round "5"]
[White "Dickhoff, Ronald"]
[Black "Ricci, Alfredo"]
[Result "1/2-1/2"]
[WhiteElo "2175"]
[BlackElo "2020"]
[PlyCount "150"]
[EventDate "2008.10.18"]

1. d4 Nf6 2. c4 g6 3. Nc3 d5 4. cxd5 Nxd5 5. e4 Nxc3 6. bxc3 c5 7. Be3 Bg7 8.
Rc1 O-O 9. Qd2 cxd4 10. cxd4 Nc6 11. Nf3 Bg4 12. d5 Bxf3 13. gxf3 Ne5 14. Be2
Qd7 15. f4 Ng4 16. O-O e5 17. Bc5 Bh6 18. Qd1 Nf6 19. Bxf8 Bxf4 20. Bh6 Bxh6
21. Rc4 Qh3 22. Qb3 Qd7 23. Rb1 Rb8 24. Qd3 Ne8 25. Kg2 Nd6 26. Rc3 f5 27. exf5
gxf5 28. Qg3+ Kh8 29. Qxe5+ Bg7 30. Qe3 Re8 31. Qd3 Rxe2 32. Qxe2 Bxc3 33. Qe3
Qg7+ 34. Kf1 Qd4 35. Qxd4+ Bxd4 36. Re1 Bc5 37. Re7 Kg8 38. Rc7 Ba3 39. h4 a5
40. h5 h6 41. Ke2 b6 42. f3 Bc5 43. a4 Nf7 44. Rc6 Kg7 45. Rg6+ Kh7 46. Rf6 Nd6
47. Kd3 Bb4 48. Kc2 b5 49. Kb3 bxa4+ 50. Kxa4 Ne8 51. Rxf5 Ng7 52. Rf7 Kg8 53.
Rf6 Bd2 54. f4 Nxh5 55. Rxh6 Nxf4 56. d6 Kf7 57. d7 Ke7 58. d8=Q+ Kxd8 59. Rd6+
Kc7 60. Rxd2 Ne6 61. Kxa5 Kc6 62. Rc2+ Kd5 63. Kb6 Nd4 64. Rc8 Ke4 65. Kc5 Ne6+
66. Kc4 Ke5 67. Rh8 Kd6 68. Rh5 Kc6 69. Rd5 Nc7 70. Rd8 Ne6 71. Rc8+ Kd6 72.
Kd3 Ke5 73. Ra8 Nc5+ 74. Kc4 Ne6 75. Ra6 Nf4 1/2-1/2

[Event "XXX Festival A"]
[Site "Arco ITA"]
[Date "2008.10.22"]
[Round "5"]
[White "Ferrari, Michele"]
[Black "Von Wantoch, Markus"]
[Result "1/2-1/2"]
[WhiteElo "1825"]
[BlackElo "1922"]
[PlyCount "62"]
[EventDate "2008.10.18"]

1. d4 Nf6 2. Bg5 e6 3. Nd2 c5 4. e3 Nc6 5. c3 cxd4 6. exd4 Be7 7. Bd3 b6 8. f4
Nd5 9. Bxe7 Qxe7 10. Qf3 Bb7 11. Ne2 f5 12. O-O O-O-O 13. Ng3 Nf6 14. Qe2 h5
15. Rfe1 Qd6 16. Qf1 h4 17. Ne2 g5 18. Nc4 Qe7 19. fxg5 Ng4 20. Nf4 Nxh2 21.
Kxh2 Qxg5 22. Nd6+ Kc7 23. Nxb7 Qg3+ 24. Kh1 h3 25. gxh3 Rdg8 26. Re2 Rg4 27.
Rg2 Qxf4 28. Qxf4+ Rxf4 29. Kh2 Kxb7 30. Rf1 Rfh4 31. Rf3 Kc7 1/2-1/2

[Event "XXX Festival A"]
[Site "Arco ITA"]
[Date "2008.10.22"]
[Round "5"]
[White "Fragni, Enrico"]
[Black "Cracco, Pietro"]
[Result "1/2-1/2"]
[WhiteElo "1784"]
[BlackElo "1984"]
[PlyCount "49"]
[EventDate "2008.10.18"]

1. c4 e6 2. Nc3 d5 3. e3 Nf6 4. Nf3 c6 5. a3 Nbd7 6. Be2 Bd6 7. d4 dxc4 8. Bxc4
b5 9. Be2 Bb7 10. O-O O-O 11. Qc2 a6 12. b4 Re8 13. Rd1 Qc7 14. e4 e5 15. Be3
exd4 16. Bxd4 c5 17. bxc5 Bxc5 18. Bd3 Bxd4 19. Nxd4 Rac8 20. Rac1 Ng4 21. g3
Nge5 22. Bf1 Qa5 23. Qb2 Nc5 24. Nb3 Nxb3 25. Qxb3 1/2-1/2

[Event "XXX Festival A"]
[Site "Arco ITA"]
[Date "2008.10.22"]
[Round "5"]
[White "Galas, Franco"]
[Black "Moratto, Davide"]
[Result "0-1"]
[WhiteElo "1541"]
[BlackElo "1860"]
[PlyCount "82"]
[EventDate "2008.10.18"]

1. d4 Nf6 2. Nf3 d6 3. e3 b6 4. c3 Bb7 5. Nbd2 e6 6. Bb5+ Nbd7 7. Ba4 Be7 8.
O-O O-O 9. Bc2 c5 10. Re1 Re8 11. e4 cxd4 12. cxd4 e5 13. dxe5 dxe5 14. Ba4 Rc8
15. b3 Bb4 16. Re2 Ba6 17. Bxd7 Qxd7 18. Re1 Bc3 19. Rb1 Bd3 20. Rb2 Bxb2 21.
Bxb2 Qc7 22. Qa1 Nd7 23. h3 f6 24. Nh4 Qb7 25. Nf5 Re6 26. Ba3 Nc5 27. Bxc5
Rxc5 28. Qd1 g6 29. Qg4 Rec6 30. Nf3 Kf7 31. Ne3 Rc1 32. Rxc1 Rxc1+ 33. Kh2
Bxe4 34. Nc4 Bxf3 35. gxf3 Qc6 36. Kg2 Ke7 37. Ne3 h5 38. Qh4 a5 39. Qg3 Qc3
40. f4 Qe1 41. Qh4 e4 0-1

[Event "XXX Festival A"]
[Site "Arco ITA"]
[Date "2008.10.22"]
[Round "5"]
[White "Garonzi, Martino"]
[Black "Sigillo, Carmelo"]
[Result "1-0"]
[WhiteElo "2008"]
[BlackElo "1751"]
[PlyCount "53"]
[EventDate "2008.10.18"]

1. e4 c5 2. Nf3 d6 3. d4 cxd4 4. Nxd4 Nf6 5. Nc3 a6 6. Be3 e5 7. Nb3 Be7 8. a4
Be6 9. Be2 O-O 10. O-O d5 11. exd5 Nxd5 12. Nxd5 Bxd5 13. c4 Bc6 14. Qxd8 Bxd8
15. Nc5 Nd7 16. b4 b6 17. Nxd7 Bxd7 18. Rfd1 Be6 19. Rd6 Rc8 20. c5 bxc5 21.
Bxa6 Rc7 22. b5 Be7 23. Rc6 Rd7 24. Bxc5 Bxc5 25. Rxc5 Rfd8 26. Rc8 Rxc8 27.
Bxc8 1-0

[Event "XXX Festival A"]
[Site "Arco ITA"]
[Date "2008.10.22"]
[Round "5"]
[White "Giaracuni, Claudio"]
[Black "Barlotti, Gabriele"]
[Result "1-0"]
[WhiteElo "1780"]
[BlackElo "1686"]
[PlyCount "27"]
[EventDate "2008.10.18"]

1. c4 Nf6 2. Nc3 e6 3. Nf3 d5 4. cxd5 exd5 5. d4 c6 6. g3 Bg4 7. Ne5 Bf5 8. Bg2
Nbd7 9. Qb3 Qc8 10. f4 Nxe5 11. fxe5 Ng8 12. O-O Bh3 13. Bxh3 Qxh3 14. Qxb7 1-0

[Event "XXX Festival A"]
[Site "Arco ITA"]
[Date "2008.10.22"]
[Round "5"]
[White "Grant, Jonathan I.M."]
[Black "Valenti, Giuseppe"]
[Result "1/2-1/2"]
[WhiteElo "2246"]
[BlackElo "2162"]
[PlyCount "86"]
[EventDate "2008.10.18"]

1. c4 c5 2. Nc3 Nf6 3. g3 e6 4. Nf3 b6 5. Bg2 Bb7 6. O-O Be7 7. Re1 d5 8. cxd5
Nxd5 9. e4 Nb4 10. d4 cxd4 11. Nxd4 N8c6 12. Nxc6 Bxc6 13. Qg4 h5 14. Qe2 Qd3
15. a3 Qxe2 16. Rxe2 Nd3 17. Be3 Rd8 18. f4 Nc5 19. e5 Bxg2 20. Kxg2 O-O 21.
Bxc5 Bxc5 22. Rc1 Rd7 23. Ne4 Be7 24. Rec2 f5 25. exf6 gxf6 26. Kf3 Rfd8 27.
Rc8 Kf7 28. Rxd8 Bxd8 29. Rc8 f5 30. Nf2 Bf6 31. Rc2 h4 32. Ke2 hxg3 33. hxg3
e5 34. fxe5 Bxe5 35. Kf3 Ke6 36. Re2 Rd4 37. b3 Kd5 38. Rc2 Bd6 39. a4 Rb4 40.
Rd2+ Ke6 41. Rd3 Be5 42. Nh3 Kf6 43. Nf4 Bxf4 1/2-1/2

[Event "XXX Festival A"]
[Site "Arco ITA"]
[Date "2008.10.22"]
[Round "5"]
[White "Grigore, George-Gabriel"]
[Black "Tratar, Marko"]
[Result "1/2-1/2"]
[WhiteElo "2519"]
[BlackElo "2507"]
[PlyCount "152"]
[EventDate "2008.10.18"]

1. d4 d6 2. Nf3 Nf6 3. c4 g6 4. Nc3 Bg7 5. e4 O-O 6. Be2 e5 7. O-O Na6 8. Re1
c6 9. d5 Nc5 10. Qc2 a5 11. Be3 Na6 12. Bg5 Bd7 13. Rad1 c5 14. Qd2 Qe8 15. Rb1
Kh8 16. Rf1 Nc7 17. b3 Ng8 18. Ne1 f5 19. f3 f4 20. Bh4 g5 21. Bf2 Qh5 22. Kh1
Rf6 23. Nd3 Rh6 24. Bg1 Nf6 25. a3 Qg6 26. Qe1 Rg8 27. Rb2 g4 28. fxg4 Nxg4 29.
Bxg4 Bxg4 30. Qf2 Bf6 31. Ne1 Bh4 32. Qd2 Bg3 33. Nf3 Ne8 34. Ne2 Bxf3 35. Nxg3
Bxe4 36. Nxe4 Qxe4 37. Qe2 Nf6 38. Qxe4 Nxe4 39. Bf2 b6 40. Be1 Ng3+ 41. Bxg3
Rxg3 42. Rf3 Rxf3 43. gxf3 Rg6 44. b4 axb4 45. axb4 Kg7 46. bxc5 dxc5 47. Rd2
Kf6 48. d6 Rg8 49. d7 Ke7 50. Rd5 Rd8 51. Rxe5+ Kxd7 52. Rf5 Kc6 53. Rxf4 b5
54. cxb5+ Kb6 55. Kg2 Rd7 56. Rf8 Kxb5 57. f4 c4 58. Kf3 c3 59. Rc8 Kb4 60. f5
Kb3 61. Ke4 c2 62. f6 Rd8 63. Rc7 Kb2 64. Rb7+ Kc3 65. Rc7+ Kd2 66. Ke5 c1=Q
67. Rxc1 Kxc1 68. f7 Kd2 69. Ke6 Ke3 70. Ke7 Ra8 71. f8=Q Rxf8 72. Kxf8 h5 73.
Kf7 Kf3 74. Kf6 h4 75. Ke5 h3 76. Kd4 Kg2 1/2-1/2

[Event "XXX Festival A"]
[Site "Arco ITA"]
[Date "2008.10.22"]
[Round "5"]
[White "Larino Nieto, David"]
[Black "Vuelban, Virgilio"]
[Result "1-0"]
[WhiteElo "2469"]
[BlackElo "2390"]
[PlyCount "107"]
[EventDate "2008.10.18"]

1. e4 c5 2. Nc3 Nc6 3. g3 g6 4. Bg2 Bg7 5. d3 d6 6. f4 e6 7. Nf3 Nge7 8. O-O
O-O 9. Be3 Nd4 10. Bf2 Nec6 11. e5 Rb8 12. Ne4 dxe5 13. Nxe5 Nxe5 14. fxe5 b6
15. c3 Nf5 16. g4 Nh4 17. Bh1 Bxe5 18. Bg3 Bxg3 19. hxg3 f5 20. Nd2 Qxd3 21.
Qe1 Bb7 22. Bxb7 Rxb7 23. gxh4 e5 24. Rf3 Qd5 25. Qf2 e4 26. Rf4 Rbf7 27. g5
Qe6 28. Nf1 Rd7 29. Ne3 Rfd8 30. Qg3 Rd2 31. Rf2 Rxf2 32. Qxf2 Qe5 33. Rf1 Rd3
34. Kh1 Qe6 35. Qf4 Qd6 36. Qxd6 Rxd6 37. Rd1 Rxd1+ 38. Nxd1 Kf7 39. Kg2 Ke6
40. Ne3 f4 41. Ng4 Kf5 42. Nf6 h5 43. a4 c4 44. Kf2 Ke5 45. Nd7+ Ke6 46. Nf8+
Kf7 47. Nh7 Ke6 48. Kg2 a6 49. Nf8+ Kf5 50. Kf2 b5 51. axb5 axb5 52. Kg2 Kg4
53. Nxg6 e3 54. Nxf4 1-0

[Event "XXX Festival A"]
[Site "Arco ITA"]
[Date "2008.10.22"]
[Round "5"]
[White "Llaneza Vega, Marcos"]
[Black "Dittmar, Peter"]
[Result "1-0"]
[WhiteElo "2485"]
[BlackElo "2357"]
[PlyCount "67"]
[EventDate "2008.10.18"]

1. e4 c6 2. d4 d5 3. e5 c5 4. dxc5 e6 5. a3 Nc6 6. Nf3 Bxc5 7. b4 Bb6 8. Bd3
Nge7 9. O-O Ng6 10. Bb2 Nf4 11. Re1 Nxd3 12. Qxd3 O-O 13. Nbd2 Ne7 14. a4 a6
15. Nb3 Bd7 16. Bd4 h6 17. c3 Rc8 18. Bxb6 Qxb6 19. Nfd4 Qc7 20. Re3 Qc4 21.
Qd2 Qc7 22. a5 Bb5 23. Rae1 b6 24. axb6 Qxb6 25. Rg3 Kh8 26. Qf4 Bc4 27. Nc5
Qc7 28. Ree3 Ng6 29. Qg4 Qe7 30. Ncxe6 Rg8 31. Nxg7 Nxe5 32. Qf4 Rxg7 33. Rxg7
Nf3+ 34. Qxf3 1-0

[Event "XXX Festival A"]
[Site "Arco ITA"]
[Date "2008.10.22"]
[Round "5"]
[White "Marino, Francesco V."]
[Black "Salati, Paolo"]
[Result "1-0"]
[WhiteElo "1686"]
[BlackElo "1866"]
[PlyCount "81"]
[EventDate "2008.10.18"]

1. c4 Nf6 2. Nc3 g6 3. g3 Bg7 4. Bg2 O-O 5. Nf3 Nc6 6. O-O d5 7. cxd5 Nxd5 8.
a3 Re8 9. Qc2 Nf6 10. d3 Bg4 11. Qd1 Qd7 12. Bd2 Rad8 13. Qc1 Bxf3 14. Bxf3 Nd4
15. Bxb7 Nb3 16. Qc2 Nxa1 17. Rxa1 Rb8 18. Bg2 Red8 19. Rc1 Ne8 20. b4 Bd4 21.
Ne4 Qf5 22. e3 Bb6 23. Bc3 Qb5 24. Bf1 Qf5 25. Bg2 Nd6 26. Bb2 f6 27. h4 Kg7
28. Ng5 Kh6 29. Bh3 Qd5 30. Ne6 Rg8 31. Nf4 Qb7 32. Be6 Rgf8 33. Qe2 Nf7 34.
Bd5 Qc8 35. e4 e5 36. Ne6 Re8 37. Qd2+ g5 38. hxg5+ Nxg5 39. Nxg5 fxg5 40. Kg2
Kg6 41. Rc6+ 1-0

[Event "XXX Festival A"]
[Site "Arco ITA"]
[Date "2008.10.22"]
[Round "5"]
[White "Moro, Roberto"]
[Black "Acunzo, Domenico"]
[Result "0-1"]
[WhiteElo "1866"]
[BlackElo "1797"]
[PlyCount "104"]
[EventDate "2008.10.18"]

1. e4 e6 2. f4 c5 3. Nf3 Nc6 4. a3 d5 5. exd5 exd5 6. Bb5 Bd7 7. O-O Be7 8. Qe1
Nf6 9. d3 O-O 10. Bxc6 Bxc6 11. Nc3 Re8 12. Bd2 c4 13. d4 Bxa3 14. Ne5 Bxb2 15.
Ra2 Bxc3 16. Bxc3 Ne4 17. Bb4 Qc7 18. Qh4 f6 19. Nf3 a5 20. Ba3 b5 21. Bc1 Nc3
22. Ra1 Ne2+ 23. Kh1 Nxc1 24. Raxc1 b4 25. g4 Qxf4 26. Qh5 Qh6 27. Qf5 g5 28.
h4 Qg6 29. hxg5 Qxf5 30. gxf5 Kf7 31. gxf6 Kxf6 32. Ne5 Bb5 33. Rf2 a4 34. Ng4+
Kg5 35. Ne5 Kf6 36. Ng4+ Kg7 37. f6+ Kf7 38. Ne5+ Ke6 39. Re1 Kd6 40. f7 Rf8
41. Rf6+ Kc7 42. Re6 Rad8 43. Re7+ Rd7 44. Nxd7 Bxd7 45. Rf1 b3 46. cxb3 axb3
47. Re3 Kb6 48. Re7 Ba4 49. Rf6+ Ka5 50. Ra7+ Kb4 51. Rb6+ Kc3 52. Rxa4 Rxf7
0-1

[Event "XXX Festival A"]
[Site "Arco ITA"]
[Date "2008.10.22"]
[Round "5"]
[White "Nicolodi, Raoul"]
[Black "Facchetti, Gianni"]
[Result "0-1"]
[WhiteElo "1825"]
[BlackElo "2154"]
[PlyCount "120"]
[EventDate "2008.10.18"]

1. Nf3 Nf6 2. g3 d6 3. Bg2 e5 4. c4 Nbd7 5. Nc3 c6 6. d3 Be7 7. O-O Qc7 8. Bd2
Nf8 9. b4 Ng6 10. Qb3 O-O 11. Rfc1 h6 12. b5 Bd7 13. a4 Rab8 14. Be3 c5 15.
Rcb1 Qc8 16. Nd2 Be6 17. Nf1 Ng4 18. Bd2 f5 19. Ne3 Bg5 20. Nxg4 Bxd2 21. Ne3
Bxc3 22. Qxc3 Ne7 23. Rf1 f4 24. Nd1 Bh3 25. Qd2 Bxg2 26. Kxg2 Qf5 27. Nc3 f3+
28. exf3 Qxf3+ 29. Kg1 Nf5 30. Qe2 Nd4 31. Qxf3 Rxf3 32. Rad1 Kf7 33. Rfe1 Ke6
34. Re3 Rbf8 35. Rxf3 Nxf3+ 36. Kg2 g5 37. h3 Nd4 38. Re1 Kd7 39. Re3 Nc2 40.
Re2 Nb4 41. Re3 Ke6 42. Kf1 d5 43. cxd5+ Nxd5 44. Nxd5 Kxd5 45. Ke2 b6 46. Re4
Ke6 47. Ke3 Rf7 48. Ke2 Kf5 49. Ke3 Re7 50. f3 Re8 51. Rc4 Rd8 52. Re4 Rd4 53.
Rg4 Ke6 54. Rxd4 exd4+ 55. Ke4 Kd6 56. f4 gxf4 57. Kxf4 Kd5 58. g4 c4 59. dxc4+
Kxc4 60. h4 d3 0-1

[Event "XXX Festival A"]
[Site "Arco ITA"]
[Date "2008.10.22"]
[Round "5"]
[White "Orlandi, Stefano"]
[Black "Zenatto, Giuliano"]
[Result "1-0"]
[WhiteElo "1965"]
[BlackElo "1762"]
[PlyCount "42"]
[EventDate "2008.10.18"]

1. e4 c5 2. Nf3 d6 3. d4 cxd4 4. Nxd4 Nf6 5. Nc3 a6 6. Be2 g6 7. g4 h6 8. Be3
Bg7 9. f3 Nc6 10. Qd2 Qc7 11. O-O-O Ne5 12. h4 Nfd7 13. h5 g5 14. Nf5 Bf6 15.
Nd5 Qc6 16. Kb1 b5 17. Nd4 Qb7 18. Qa5 O-O 19. Nf5 Kh7 20. Ndxe7 Rb8 21. Nxd6
Qc6 1-0

[Event "XXX Festival A"]
[Site "Arco ITA"]
[Date "2008.10.22"]
[Round "5"]
[White "Papa, Angelo"]
[Black "Vanzan, Alessandro"]
[Result "1-0"]
[WhiteElo "1870"]
[BlackElo "1805"]
[PlyCount "117"]
[EventDate "2008.10.18"]

1. d4 d5 2. Nf3 Nf6 3. c4 c6 4. cxd5 cxd5 5. Qc2 g6 6. Bf4 Bf5 7. Qb3 b6 8. e3
Bg7 9. Nc3 O-O 10. Rc1 Nc6 11. Ba6 Na5 12. Qa4 Bc8 13. Bd3 Bb7 14. h3 Rc8 15.
O-O Nc4 16. Bxc4 Rxc4 17. Qxa7 Qc8 18. Qxb6 Rc6 19. Qb4 Re8 20. Ne5 Rc7 21. Ne2
Rc2 22. Qb3 Rxc1 23. Rxc1 Qa8 24. Nc3 Rc8 25. Ne2 Rb8 26. Nd3 Re8 27. Nc3 Ba6
28. Ne5 Rb8 29. Qc2 Rc8 30. Qd2 e6 31. b3 Bf8 32. Na4 Ne4 33. Qb2 Rb8 34. Rc7
Bb5 35. Nc5 Qa5 36. Rxf7 Qe1+ 37. Kh2 Nxf2 38. Bg5 Bxc5 39. Qxf2 Qxf2 40. Rxf2
Bd6 41. Bh6 Bd3 42. h4 Bf5 43. Bf4 Be7 44. Bg5 Bxg5 45. hxg5 Kg7 46. Nd7 Rh8
47. b4 h6 48. gxh6+ Rxh6+ 49. Kg1 g5 50. b5 Bd3 51. a4 Rh8 52. Rb2 Ra8 53. b6
Ba6 54. b7 Bxb7 55. Rxb7 Kg6 56. Nc5 g4 57. Kf2 Kg5 58. Kg3 Re8 59. Rg7+ 1-0

[Event "XXX Festival A"]
[Site "Arco ITA"]
[Date "2008.10.22"]
[Round "5"]
[White "Pipitone, Antonio"]
[Black "Sigmund, Ingenuin"]
[Result "1-0"]
[WhiteElo "1997"]
[BlackElo "1676"]
[PlyCount "54"]
[EventDate "2008.10.18"]

1. e4 e6 2. d4 d5 3. Nc3 Bb4 4. e5 c5 5. Nf3 Bd7 6. Be2 cxd4 7. Qxd4 Nc6 8. Qg4
Bxc3+ 9. bxc3 g6 10. O-O Qc7 11. Qg3 Nge7 12. Qf4 h6 13. Ba3 Qd8 14. Rab1 b6
15. Bd3 Nf5 16. Rfe1 g5 17. Qd2 g4 18. Nd4 Nfxd4 19. cxd4 Nxd4 20. Rb4 Nf5 21.
Bxf5 exf5 22. Qxd5 Be6 23. Qc6+ Bd7 24. Qc3 Rc8 25. Qd3 Be6 26. Rd4 Qc7 27. Rd1
Rh7 1-0

[Event "XXX Festival A"]
[Site "Arco ITA"]
[Date "2008.10.22"]
[Round "5"]
[White "Pivovarov, Michail"]
[Black "Ludovici, Roberto"]
[Result "1/2-1/2"]
[WhiteElo "1963"]
[BlackElo "1843"]
[PlyCount "103"]
[EventDate "2008.10.18"]

1. Nf3 Nf6 2. g3 d5 3. Bg2 e6 4. O-O Be7 5. d3 O-O 6. Nbd2 b6 7. Re1 Bb7 8. b3
c5 9. Bb2 Nc6 10. e4 d4 11. e5 Nd5 12. Ne4 h6 13. a3 Qc7 14. c4 dxc3 15. Nxc3
Nxc3 16. Bxc3 Rfd8 17. Qe2 Rd7 18. Rac1 Ba6 19. Red1 Rad8 20. Ne1 Nd4 21. Bxd4
Rxd4 22. Be4 Bb7 23. Nc2 R4d7 24. f4 Bxe4 25. Qxe4 Qb7 26. Qxb7 Rxb7 27. Kf2
Rbd7 28. Ke2 Kf8 29. a4 Ke8 30. Na3 g5 31. Nb5 gxf4 32. gxf4 a6 33. Nc3 Rd4 34.
Ne4 Rb4 35. Rc3 b5 36. a5 Rdd4 37. Rg1 c4 38. Rg8+ Bf8 39. bxc4 bxc4 40. Nd6+
Ke7 41. dxc4 Rxf4 42. c5 f6 43. exf6+ Rxf6 44. Rgg3 Kd7 45. Rgd3 Kc6 46. Ke3 h5
47. Ne4 Rf5 48. Rd8 Bh6+ 49. Kd3 Rf3+ 50. Ke2 Rxc3 51. Nxc3 Kxc5 52. Rh8
1/2-1/2

[Event "XXX Festival A"]
[Site "Arco ITA"]
[Date "2008.10.22"]
[Round "5"]
[White "Prakken, Gerrit"]
[Black "Tomasi, Diego"]
[Result "1-0"]
[WhiteElo "2206"]
[BlackElo "2002"]
[PlyCount "141"]
[EventDate "2008.10.18"]

1. d4 d5 2. c4 c6 3. Nc3 e5 4. dxe5 d4 5. Ne4 Qa5+ 6. Bd2 Qxe5 7. Ng3 Nf6 8.
Nf3 Qd6 9. Qc2 Be7 10. O-O-O O-O 11. e3 dxe3 12. Bxe3 Qc7 13. Nf5 Bd8 14. Bd3
Qa5 15. a3 Na6 16. Kb1 b5 17. Ne5 Qc7 18. cxb5 Qxe5 19. Bd4 Qc7 20. bxa6 Be6
21. Bc5 Bxf5 22. Bxf5 Re8 23. g3 g6 24. Bd3 Nd5 25. Bc4 Bf6 26. Bd4 Bxd4 27.
Rxd4 Qe5 28. Rhd1 Rad8 29. Qd2 Qf6 30. h4 Rb8 31. Rc1 Nb6 32. Bb3 Nd5 33. Bc4
Rb6 34. Rc2 Reb8 35. h5 Qf5 36. Ka2 Qxh5 37. Bxd5 cxd5 38. Rxd5 Qf3 39. Rd8+
Rxd8 40. Qxd8+ Kg7 41. Qd4+ Qf6 42. Qxf6+ Kxf6 43. b4 Rxa6 44. Kb3 Ke5 45. Rc7
Rf6 46. f4+ Kf5 47. Rxa7 Kg4 48. b5 Rb6 49. a4 Kxg3 50. Rxf7 h5 51. Kc4 h4 52.
a5 Rb8 53. Rh7 Rf8 54. a6 Rxf4+ 55. Kc3 Ra4 56. Kb3 Ra1 57. a7 h3 58. b6 h2 59.
b7 Rb1+ 60. Ka2 Rxb7 61. Rxb7 h1=Q 62. a8=Q Qg2+ 63. Ka3 Qf1 64. Rb3+ Kh4 65.
Qe4+ Kh5 66. Qe5+ g5 67. Qh2+ Kg6 68. Rb6+ Kf5 69. Qh7+ Kg4 70. Qd7+ Kg3 71.
Rb3+ 1-0

[Event "XXX Festival A"]
[Site "Arco ITA"]
[Date "2008.10.22"]
[Round "5"]
[White "Qendro, Llambi"]
[Black "Lapiccirella, Daniele"]
[Result "1-0"]
[WhiteElo "2373"]
[BlackElo "2179"]
[PlyCount "47"]
[EventDate "2008.10.18"]

1. d4 d5 2. c4 c6 3. Nf3 Nf6 4. cxd5 cxd5 5. Nc3 Nc6 6. Bf4 a6 7. Rc1 Ne4 8.
Ne5 Nxc3 9. Rxc3 e6 10. a3 Qb6 11. Nxc6 bxc6 12. e3 c5 13. Qc1 c4 14. b3 Bb7
15. bxc4 dxc4 16. Bxc4 Bxg2 17. Rg1 Be4 18. Bb3 Bd6 19. Bxd6 Qxd6 20. Ba4+ Ke7
21. Rc7+ Kf6 22. Qc3 Rhd8 23. f4 Qd5 24. Bc6 1-0

[Event "XXX Festival A"]
[Site "Arco ITA"]
[Date "2008.10.22"]
[Round "5"]
[White "Romagnoli, Roberto"]
[Black "Medancic, Rikard"]
[Result "0-1"]
[WhiteElo "2080"]
[BlackElo "2225"]
[PlyCount "80"]
[EventDate "2008.10.18"]

1. c4 c5 2. Nc3 b6 3. Nf3 Bb7 4. e4 d6 5. d4 cxd4 6. Nxd4 e6 7. Bd3 Nf6 8. O-O
a6 9. Be3 Nbd7 10. f3 Be7 11. Rc1 O-O 12. b3 Qc7 13. Bb1 Kh8 14. Qd2 Rg8 15.
Nde2 Rad8 16. Rfd1 Ne5 17. Qd4 Nfd7 18. h3 Nc5 19. Nf4 g5 20. Nh5 f6 21. Kf2
Rdf8 22. Ke2 Qb8 23. Rf1 Qe8 24. g4 b5 25. cxb5 axb5 26. Qd2 b4 27. Na4 Ba6+
28. Kf2 Nxa4 29. bxa4 Bxf1 30. Kxf1 Qxa4 31. Kg2 Rc8 32. f4 gxf4 33. Bxf4 Rxc1
34. Qxc1 Qc6 35. Qe3 Qc3 36. Qxc3 bxc3 37. Bc2 Ra8 38. Bb3 Nd3 39. Kf3 c2 40.
Bh6 Bf8 0-1

[Event "XXX Festival A"]
[Site "Arco ITA"]
[Date "2008.10.22"]
[Round "5"]
[White "Roversi, Stefano"]
[Black "Kopischke, Maik"]
[Result "1/2-1/2"]
[WhiteElo "1839"]
[BlackElo "1930"]
[PlyCount "60"]
[EventDate "2008.10.18"]

1. e4 d6 2. d4 Nf6 3. Nc3 g6 4. f4 Bg7 5. Nf3 c5 6. dxc5 Qa5 7. Bb5+ Bd7 8.
Bxd7+ Nbxd7 9. Bd2 Qxc5 10. Qe2 O-O 11. Be3 Qa5 12. O-O Ng4 13. Bd4 Bxd4+ 14.
Nxd4 Qh5 15. h3 Qc5 16. Qxg4 Qxd4+ 17. Kh2 Nf6 18. Qf3 Rac8 19. Rad1 Qb4 20. e5
dxe5 21. fxe5 Nh5 22. Rd7 Qxb2 23. Nd5 Qxe5+ 24. Kh1 Ng3+ 25. Kg1 Nxf1 26.
Nxe7+ Kg7 27. Nxc8 Qc5+ 28. Kxf1 Qxc8 29. Rxb7 Qxc2 30. Rxa7 Qc1+ 1/2-1/2

[Event "XXX Festival A"]
[Site "Arco ITA"]
[Date "2008.10.22"]
[Round "5"]
[White "Schaberg, Wolfgang"]
[Black "Schrott, Ernst"]
[Result "1-0"]
[WhiteElo "1932"]
[BlackElo "2072"]
[PlyCount "165"]
[EventDate "2008.10.18"]

1. e4 c5 2. Nf3 e6 3. b3 Nc6 4. Bb2 Qc7 5. c4 Nf6 6. Nc3 a6 7. g3 Be7 8. Bg2 b6
9. O-O Bb7 10. Re1 d6 11. d4 cxd4 12. Nxd4 O-O 13. Qd2 Nxd4 14. Qxd4 Ne8 15.
Rad1 Rb8 16. Bf1 Bf6 17. Qd2 h5 18. Ba3 Rd8 19. Na4 Bc6 20. Nb2 h4 21. Nd3 Bb7
22. Qf4 hxg3 23. Qxg3 Bd4 24. Re2 Nf6 25. Bg2 Rfe8 26. Ne1 Be5 27. Qh4 d5 28.
exd5 exd5 29. Red2 Bc3 30. Bb2 Bxd2 31. Bxf6 gxf6 32. Nf3 Bc3 33. Qg4+ Kf8 34.
Nh4 Qe5 35. Nf5 Re6 36. Qh3 Ke8 37. Ng7+ Ke7 38. Nxe6 Qxe6 39. Qxc3 Rg8 40. Re1
Rxg2+ 41. Kf1 Rxh2 42. Rxe6+ fxe6 43. cxd5 Rh1+ 44. Ke2 Bxd5 45. Qc7+ Ke8 46.
Qxb6 Rb1 47. Qxa6 Rb2+ 48. Ke3 Rb1 49. Qc8+ Kf7 50. Qc7+ Ke8 51. Qc2 Re1+ 52.
Kd2 Rh1 53. Qg6+ Ke7 54. Qg7+ Kd6 55. Qxf6 Rb1 56. f4 Rh1 57. Qf8+ Kd7 58. Kc3
Rh2 59. Qg7+ Kc6 60. Qa7 Rg2 61. Kb4 Rg3 62. Qa6+ Kd7 63. Kc5 Rc3+ 64. Kd4 Rf3
65. Qb5+ Bc6 66. Qb8 Rf2 67. a4 Rd2+ 68. Kc3 Ra2 69. Qb4 Ra1 70. a5 Bd5 71. Qb6
Rc1+ 72. Kd4 Rc6 73. Qb5 Kc7 74. b4 Kd6 75. Qd3 Kc7 76. b5 Rd6 77. Kc5 Rd7 78.
a6 Bc6 79. b6+ Kc8 80. Qg6 Bd5 81. Qe8+ Rd8 82. b7+ Kc7 83. Qxd8+ 1-0

[Event "XXX Festival A"]
[Site "Arco ITA"]
[Date "2008.10.22"]
[Round "5"]
[White "Schrott, Johann"]
[Black "Moncelli, Giorgio"]
[Result "0-1"]
[WhiteElo "1689"]
[BlackElo "2110"]
[PlyCount "92"]
[EventDate "2008.10.18"]

1. e4 c5 2. Nf3 e6 3. d4 cxd4 4. Nxd4 Nc6 5. Nc3 Qc7 6. Be3 Nf6 7. Be2 a6 8. a4
Bb4 9. f3 d5 10. O-O Bxc3 11. bxc3 dxe4 12. Bg5 Nd5 13. Qd2 h6 14. Be3 Nxe3 15.
Qxe3 exf3 16. Rxf3 O-O 17. Raf1 e5 18. Nxc6 bxc6 19. Rxf7 Rxf7 20. Bc4 Qa7 21.
Bxf7+ Kh7 22. Qxa7 Rxa7 23. Bc4 Re7 24. Rf8 Bb7 25. Kf2 c5 26. g3 Kg6 27. Ke3
Kg5 28. Be2 a5 29. h4+ Kg6 30. h5+ Kg5 31. Rf1 Bc6 32. Ra1 Be8 33. g4 Bc6 34.
Rb1 Bxa4 35. Ra1 Bd7 36. Rxa5 Bxg4 37. Bxg4 Kxg4 38. Rxc5 Kxh5 39. Ke4 Kg4 40.
Rxe5 Rc7 41. Kd4 h5 42. c4 h4 43. c5 h3 44. Re2 Kg3 45. Re3+ Kg2 46. Re2+ Kf3
0-1

[Event "XXX Festival A"]
[Site "Arco ITA"]
[Date "2008.10.22"]
[Round "5"]
[White "Stolfa, Rodolfo"]
[Black "Jensen, Leif"]
[Result "0-1"]
[WhiteElo "1912"]
[BlackElo "2036"]
[PlyCount "146"]
[EventDate "2008.10.18"]

1. d4 d5 2. c4 c6 3. cxd5 cxd5 4. Nf3 Nc6 5. e3 Nf6 6. Nc3 e6 7. Bb5 Bd7 8. O-O
Bd6 9. h3 O-O 10. Re1 Rc8 11. Bd3 Bb8 12. e4 dxe4 13. Nxe4 h6 14. b3 Nb4 15.
Nxf6+ Qxf6 16. Be4 Nd5 17. Ne5 Bc6 18. Ng4 Qh4 19. Ne5 Nc3 20. Nf3 Qd8 21. Qd3
Bxe4 22. Rxe4 Nxe4 23. Qxe4 Qd5 24. Qe3 Rc2 25. Qd3 Rfc8 26. Be3 R8c3 27. Qd1
Rc8 28. Ne1 R2c6 29. Nd3 Bd6 30. Qg4 Qf5 31. Qxf5 exf5 32. g3 Rc3 33. Nb2 b5
34. h4 a6 35. Kg2 Be7 36. Kf1 g5 37. Ke1 gxh4 38. Bd2 Rc2 39. Nd1 hxg3 40. fxg3
Bd6 41. Ne3 Bxg3+ 42. Kd1 Rxd2+ 43. Kxd2 Bf4 44. Kd3 Bxe3 45. Kxe3 Kg7 46. Kf4
Kf6 47. Rh1 Rg8 48. Rxh6+ Rg6 49. Rh2 Rg4+ 50. Ke3 Ke6 51. Rc2 Kd6 52. Rf2 Rg3+
53. Kf4 Rd3 54. Kxf5 Rxd4 55. Kf6 Kc5 56. Kxf7 Kb4 57. Rc2 Re4 58. Kf6 Ka3 59.
Kf5 Re1 60. Rc6 Kxa2 61. b4 Kb3 62. Rxa6 Kxb4 63. Ra8 Kb3 64. Rb8 b4 65. Kf4
Kc3 66. Rc8+ Kb2 67. Kf3 b3 68. Kf2 Re7 69. Kf1 Kb1 70. Rb8 b2 71. Rf8 Re5 72.
Rf7 Ra5 73. Ke1 Ka1 0-1